Total War: Warhammer - Dwarfs Roster - Statistics

General Stats
  • This quiz has been taken 49 times
  • The average score is 28 of 36
Answer Stats
Type Unit % Correct
Flying War Machines Gyrocopter
94%
Flying War Machines Gyrocopter (Brimstone Gun)
94%
Infantry Miners
94%
Infantry Miners (Blasting Charges)
94%
Infantry Dwarf Warriors
91%
Infantry Dwarf Warriors (Great Weapons)
91%
Infantry Longbeards
91%
Infantry Longbeards (Great Weapons)
91%
Artillery & War Machines Cannons
89%
Missile Infantry Rangers
86%
Missile Infantry Rangers (Great Weapons)
86%
Infantry Slayers
86%
Legendary Lords Thorgrim Grudgebearer
86%
Legendary Lords Ungrim Ironfist
86%
Infantry Hammerers
83%
Missile Infantry Quarrellers
80%
Missile Infantry Quarrellers (Great Weapons)
80%
Heroes Runesmith
80%
Heroes Thane
80%
Legendary Lords Thorek Ironbrow
80%
Missile Infantry Thunderers
80%
Legendary Lords Belegar Ironhammer
77%
Legendary Lords Grombrindal
77%
Artillery & War Machines Organ Guns
77%
Artillery & War Machines Grudge Throwers
74%
Missile Infantry Irondrakes
74%
Missile Infantry Irondrakes (Trollhammer Torpedo)
74%
Lords Runelord
74%
Infantry Giant Slayers
71%
Flying War Machines Gyrobomber
71%
Infantry Ironbreakers
69%
Lords Lord
63%
Artillery & War Machines Bolt Throwers
57%
Heroes Master Engineer
54%
Artillery & War Machines Flame Cannons
51%
Missile Infantry Bugman’s Rangers
40%
No matching quizzes found
Score Distribution
Percent of People with Each Score
Percentile by Number Answered
Your Score History
You have not taken this quiz